| 000 | 00598nam a22002057a 4500 | ||
|---|---|---|---|
| 999 |
_c3504 _d3504 |
||
| 003 | AR-CdUCM | ||
| 008 | 190306b ||||| |||| 00| 0 esp d | ||
| 020 | _aISBN | ||
| 040 |
_aMUNICIPALIDAD PROVINCIAL DEL CUSCO _cBIBLIOTECA MUNICIPAL DEL CUSCO |
||
| 082 |
_a868.6 / _bV23 |
||
| 100 |
_aValle-Inclán, Ramón del _911511 |
||
| 245 |
_aAguila de blasón : _cRamón del Valle- Inclan |
||
| 260 |
_aBuenos aires : _bLosada, _c1940. |
||
| 300 |
_a185 paginas ; _c18 cm. |
||
| 500 | _aLuis nieto | ||
| 650 |
_aTeatro españo _911512 |
||
| 650 |
_aSiglo XX _98 |
||
| 942 |
_2ddc _cLIBROS |
||
| 945 | _aacrt | ||